000 00414ngm a22001690a 4500
001 PT38476
003 AR-LpoUNG
005 20210202000521.0
007 vd cvaizq
008 191001suuuu||||ag |||||||||||||||||spa d
040 _aAR-LpoUNG
_bspa
_cAR-LpoUNG
_eaacr
100 1 _aCapra, Frank
_edir.
245 1 0 _a¿Por qué luchamos ?
260 _aBuenos Aires :
_bBlackman,
_cs.f.
905 _a38476
942 _cDVD
999 _c55019
_d55019